[Event "AUT-chT2O 1718"]
[Site "Austria"]
[Date "2018.01.13"]
[Round "6.2"]
[White "Alvir, Aco"]
[Black "Sandhu, Mario"]
[Result "1-0"]
[WhiteElo "2375"]
[BlackElo "2277"]
[PlyCount "71"]
[EventDate "2017.10.21"]
[EventType "team-tourn"]
[EventRounds "11"]
[EventCountry "AUT"]
[SourceTitle "EXT 2019"]
[Source "ChessBase"]
[SourceDate "2018.10.10"]
[SourceVersion "1"]
[SourceVersionDate "2018.10.10"]
[SourceQuality "1"]
[WhiteTeam "Pamhagen II"]
[BlackTeam "Donaustadt"]
[WhiteTeamCountry "AUT"]
[BlackTeamCountry "AUT"]

1. e4 c6 2. d4 d5 3. Nc3 dxe4 4. Nxe4 Nf6 5. Nxf6+ gxf6 6. c3 Bf5 7. Nf3 Qc7 8. g3 Nd7 9. Bg2 Bg7 10. 0-0 0-0 11. Nh4 Bg6 12. c4 Rad8 13. Be3 c5 14. d5 Nb6 15. Qb3 Nc8 16. Rfe1 Nd6 17. Bh3 a6 18. Rac1 b5 19. cxb5 c4 20. b6 Qb7 21. Qa4 Qxd5 22. Nxg6 hxg6 23. Bg2 Qb5 24. b3 f5 25. Qxb5 axb5 26. Bg5 f6 27. Be3 cxb3 28. Bd5+ Kh7 29. Bxb3 Rc8 30. Be6 Rxc1 31. Rxc1 Rb8 32. Rc7 Bf8 33. Bc5 Ne4 34. Bd4 Ng5 35. Bd5 Kh6 36. b7 1-0

[Event "AUT-chT2O 1617"]
[Site "Austria"]
[Date "2017.04.01"]
[Round "10.4"]
[White "Sandhu, Mario"]
[Black "Vitouch, Anatol"]
[Result "0-1"]
[WhiteElo "2280"]
[BlackElo "2320"]
[PlyCount "86"]
[EventDate "2016.10.15"]
[EventType "team-tourn"]
[EventRounds "11"]
[EventCountry "AUT"]
[SourceTitle "CBM 177 Extra"]
[Source "ChessBase"]
[SourceDate "2017.04.27"]
[SourceVersion "1"]
[SourceVersionDate "2017.04.27"]
[SourceQuality "1"]
[WhiteTeam "Donaustadt"]
[BlackTeam "Pamhagen"]
[WhiteTeamCountry "AUT"]
[BlackTeamCountry "AUT"]

1. Nf3 c5 2. c4 g6 3. g3 Bg7 4. Bg2 Nc6 5. 0-0 e5 6. Nc3 Nge7 7. Ne1 0-0 8. d3 d6 9. Nc2 Rb8 10. a3 b6 11. Bd2 Nd4 12. Ne3 Bb7 13. Ned5 Nxd5 14. Nxd5 Qd7 15. b4 f5 16. e3 Ne6 17. f4 exf4 18. gxf4 Nc7 19. Rb1 Nxd5 20. cxd5 Ba6 21. Be1 Rfe8 22. bxc5 bxc5 23. Bf2 Rxb1 24. Qxb1 Qa4 25. Rd1 Qxa3 26. Rd2 Qb4 27. Qa2 c4 28. Qxa6 Qxd2 29. dxc4 Qb4 30. Qxa7 Qxc4 31. Qd7 Rb8 32. Qe6+ Kh8 33. Bf1 Qc5 34. Bh4 h6 35. Bf6 Rb7 36. Kf2 Bxf6 37. Qxf6+ Kh7 38. Qe6 Qc7 39. Bd3 Qe7 40. Qc8 Qh4+ 41. Kg2 Re7 42. Qc1 Qg4+ 43. Kf2 Qh3 0-1

[Event "AUT-chT2O 1112"]
[Site "Austria"]
[Date "2012.03.04"]
[Round "7.2"]
[White "Sandhu, Mario"]
[Black "Schwarhofer, Christopher"]
[Result "1/2-1/2"]
[WhiteElo "2299"]
[BlackElo "2257"]
[PlyCount "45"]
[EventDate "2011.10.15"]
[EventType "team-tourn"]
[EventRounds "11"]
[EventCountry "AUT"]
[SourceTitle "EXT 2013"]
[Source "ChessBase"]
[SourceDate "2012.11.22"]
[SourceVersion "1"]
[SourceVersionDate "2012.11.22"]
[SourceQuality "1"]
[WhiteTeam "Wulkaprodersdorf"]
[BlackTeam "Niederabsdorf"]
[WhiteTeamCountry "AUT"]
[BlackTeamCountry "AUT"]

1. Nf3 Nf6 2. d4 g6 3. c4 Bg7 4. Nc3 0-0 5. g3 d6 6. Bg2 Nc6 7. 0-0 e5 8. dxe5 Nxe5 9. Nxe5 dxe5 10. Bg5 Qxd1 11. Raxd1 c6 12. Rd6 Be6 13. b3 h6 14. Be3 Rfe8 15. Na4 Bf8 16. Rd2 Bb4 17. Rdd1 Kg7 18. Bc5 a5 19. Bd6 Bxd6 20. Rxd6 Rad8 21. Rfd1 Rxd6 22. Rxd6 Nd7 23. Kf1 1/2-1/2

[Event "AUT-chT2O 1112"]
[Site "Austria"]
[Date "2012.03.03"]
[Round "6.2"]
[White "Ganaus, Hannes"]
[Black "Sandhu, Mario"]
[Result "1/2-1/2"]
[WhiteElo "2293"]
[BlackElo "2299"]
[PlyCount "93"]
[EventDate "2011.10.15"]
[EventType "team-tourn"]
[EventRounds "11"]
[EventCountry "AUT"]
[SourceTitle "EXT 2013"]
[Source "ChessBase"]
[SourceDate "2012.11.22"]
[SourceVersion "1"]
[SourceVersionDate "2012.11.22"]
[SourceQuality "1"]
[WhiteTeam "Eichgraben"]
[BlackTeam "Wulkaprodersdorf"]
[WhiteTeamCountry "AUT"]
[BlackTeamCountry "AUT"]

1. e4 c6 2. d4 d5 3. e5 c5 4. dxc5 e6 5. a3 Nd7 6. b4 Nxe5 7. Bb2 Ng6 8. Nf3 Nf6 9. c4 Bd7 10. cxd5 Nxd5 11. Bc4 Ndf4 12. g3 Bc6 13. Qb3 Nd3+ 14. Bxd3 Bxf3 15. 0-0 Qd5 16. Bb5+ Ke7 17. Qxd5 Bxd5 18. f4 Rd8 19. Nc3 Bb3 20. Ne4 a6 21. Be2 Ke8 22. Rf3 Bd5 23. Re3 h5 24. h4 Bxe4 25. Rxe4 Ne7 26. Rd1 Nf5 27. Rxd8+ Kxd8 28. Kf2 Be7 29. Rc4 Bf6 30. Bxf6+ gxf6 31. Bd3 Ne7 32. a4 Kc7 33. Be2 e5 34. b5 axb5 35. axb5 Nf5 36. Bf3 Nd4 37. b6+ Kb8 38. c6 bxc6 39. Bxc6 Rc8 40. Bd5 Rxc4 41. Bxc4 exf4 42. gxf4 Kb7 43. Bxf7 Nf5 44. Bg6 Ng7 45. Ke3 Kxb6 46. Kd4 Kc6 47. f5 1/2-1/2

[Event "AUT-chT2O 1112"]
[Site "Austria"]
[Date "2011.11.06"]
[Round "4.3"]
[White "Sandhu, Mario"]
[Black "Maslik, Miroslav"]
[Result "1-0"]
[WhiteElo "2299"]
[BlackElo "2356"]
[PlyCount "54"]
[EventDate "2011.10.15"]
[EventType "team-tourn"]
[EventRounds "11"]
[EventCountry "AUT"]
[SourceTitle "EXT 2013"]
[Source "ChessBase"]
[SourceDate "2012.11.22"]
[SourceVersion "1"]
[SourceVersionDate "2012.11.22"]
[SourceQuality "1"]
[WhiteTeam "Wulkaprodersdorf"]
[BlackTeam "Pamhagen"]
[WhiteTeamCountry "AUT"]
[BlackTeamCountry "AUT"]

1. Nf3 Nf6 2. g3 d5 3. Bg2 g6 4. 0-0 Bg7 5. d3 0-0 6. Nbd2 c6 7. e4 Nbd7 8. Re1 dxe4 9. dxe4 Nc5 10. e5 Nfd7 11. Qe2 Nb6 12. Nb3 Nca4 13. Rd1 Qc7 14. Bf4 Nd5 15. Bc1 Bg4 16. Rd4 Bxf3 17. Bxf3 Nab6 18. c4 Nb4 19. Bf4 Rad8 20. e6 Qc8 21. exf7+ Kxf7 22. Bg4 e6 23. Re4 Rfe8 24. Nc5 h5 25. Bxe6+ Rxe6 26. Nxe6 Rd7 27. Ng5+ Kf8 1-0

[Event "Pula op 25th"]
[Site "Pula"]
[Date "2011.06.22"]
[Round "6"]
[White "Voscilla, Adriano"]
[Black "Sandhu, Mario"]
[Result "0-1"]
[WhiteElo "2201"]
[BlackElo "2312"]
[PlyCount "82"]
[EventDate "2011.06.18"]
[EventType "swiss"]
[EventRounds "9"]
[EventCountry "CRO"]
[SourceTitle "CBM 143 Extra"]
[Source "ChessBase"]
[SourceDate "2011.08.29"]
[SourceVersion "1"]
[SourceVersionDate "2011.08.29"]
[SourceQuality "1"]

1. d4 Nf6 2. c4 e6 3. Nf3 b6 4. Nc3 Bb7 5. Qc2 c5 6. e4 cxd4 7. Nxd4 d6 8. Be2 Nbd7 9. 0-0 a6 10. Re1 Be7 11. Bg5 0-0 12. Bf1 Qc7 13. Rad1 Rfe8 14. Kh1 h6 15. Bh4 Nc5 16. f3 Rac8 17. Rc1 Qb8 18. Red1 Ncd7 19. Bf2 Bd8 20. Qd2 Bc7 21. g3 Ne5 22. b3 Qa8 23. Bg2 Red8 24. h3 Ng6 25. Na4 Nd7 26. Kh2 d5 27. exd5 exd5 28. Nf5 Nc5 29. Qc3 Be5 30. Bd4 Nxa4 31. bxa4 Rxc4 32. Qb2 Bxd4 33. Rxd4 Rxc1 34. Rxd5 f6 35. Rxd8+ Qxd8 36. Qxc1 Ne5 37. Qc3 Qd7 38. g4 Qxa4 39. Qc7 Qd7 40. Qxb6 Bxf3 41. Qb3+ Qf7 0-1

[Event "AUT-chT2O 1011"]
[Site "Austria"]
[Date "2011.01.29"]
[Round "8.4"]
[White "Sandhu, Mario"]
[Black "Steiner, Adam"]
[Result "1/2-1/2"]
[WhiteElo "2330"]
[BlackElo "2232"]
[PlyCount "123"]
[EventDate "2010.10.02"]
[EventType "team-tourn"]
[EventRounds "11"]
[EventCountry "AUT"]
[SourceTitle "EXT 2012"]
[Source "ChessBase"]
[SourceDate "2011.11.24"]
[SourceVersion "1"]
[SourceVersionDate "2011.11.24"]
[SourceQuality "1"]
[WhiteTeam "Wulkaprodersdorf"]
[BlackTeam "Wiener Neustadt"]
[WhiteTeamCountry "AUT"]
[BlackTeamCountry "AUT"]

1. Nf3 c5 2. g3 Nc6 3. Bg2 g6 4. 0-0 Bg7 5. d3 e5 6. e4 Nge7 7. Bg5 h6 8. Be3 d6 9. Qd2 Be6 10. c3 f5 11. Na3 Qd7 12. Nc2 g5 13. exf5 Bxf5 14. Rfe1 0-0 15. h4 g4 16. Nh2 Qe6 17. Rad1 Qg6 18. Be4 b6 19. Qe2 h5 20. Bg5 Bf6 21. Bxf6 Rxf6 22. Rd2 Raf8 23. Qd1 Qf7 24. Ne3 Be6 25. Nhxg4 hxg4 26. Nxg4 Bxg4 27. Qxg4+ Qg7 28. Qd7 Rd8 29. Qb7 d5 30. Bg2 Nf5 31. Qxg7+ Kxg7 32. Rde2 Nfe7 33. a3 Kf7 34. b4 cxb4 35. axb4 b5 36. c4 bxc4 37. dxc4 dxc4 38. b5 Nd4 39. Rxe5 Ng6 40. Rc5 Rf5 41. Rxc4 Nxb5 42. Be4 Rf6 43. Rc5 a6 44. h5 Ne7 45. Re5 Nd4 46. Kg2 Ndc6 47. Rc5 Rd2 48. Rf1 Nd4 49. Ra5 Nb3 50. Ra3 Nc5 51. Bb1 Kg7 52. g4 Ne6 53. Kg3 Nf4 54. Be4 Kh6 55. Ra5 Ned5 56. Rfa1 Kg5 57. Rxa6 Ne2+ 58. Kg2 Kxg4 59. Rxf6 Nxf6 60. Bf3+ Kg5 61. Ra5+ Kh6 62. Ra6 1/2-1/2

[Event "AUT-chT2O 1011"]
[Site "Austria"]
[Date "2010.10.02"]
[Round "1.3"]
[White "Sandhu, Mario"]
[Black "Brod, Manfred"]
[Result "1/2-1/2"]
[WhiteElo "2330"]
[BlackElo "2183"]
[PlyCount "145"]
[EventDate "2010.10.02"]
[EventType "team-tourn"]
[EventRounds "11"]
[EventCountry "AUT"]
[SourceTitle "CBM 138 Extra"]
[Source "ChessBase"]
[SourceDate "2010.10.29"]
[SourceVersion "1"]
[SourceVersionDate "2010.10.29"]
[SourceQuality "1"]
[WhiteTeam "Wulkaprodersdorf"]
[BlackTeam "Mattersburg"]
[WhiteTeamCountry "AUT"]
[BlackTeamCountry "AUT"]

1. Nf3 c5 2. c4 Nc6 3. g3 g6 4. Bg2 Bg7 5. 0-0 d6 6. Nc3 e5 7. Ne1 Be6 8. Nd5 Nge7 9. a3 a5 10. Rb1 Rb8 11. d3 0-0 12. Bd2 b5 13. Nc2 bxc4 14. dxc4 f5 15. b4 axb4 16. axb4 e4 17. Nce3 Bxd5 18. cxd5 Nxb4 19. Qa4 Qe8 20. Qxe8 Rfxe8 21. Nc4 Nexd5 22. Nxd6 Red8 23. Nc4 Nc3 24. Bxc3 Bxc3 25. Rfc1 Na2 26. Rxb8 Rxb8 27. Rc2 Ra8 28. f3 Bg7 29. fxe4 Nb4 30. Rd2 fxe4 31. Bxe4 Re8 32. Bf3 Bd4+ 33. Kg2 Kg7 34. e3 Bf6 35. Kf2 Rd8 36. Rxd8 Bxd8 37. e4 Bc7 38. Ke3 Nc6 39. Nb2 Be5 40. Nc4 Bc7 41. Be2 Ne5 42. Na3 Kf6 43. Nb5 Bb8 44. Nc3 Ke6 45. Nd5 Bd6 46. Nf4+ Kf6 47. Kd2 g5 48. Nd5+ Kg6 49. Ne3 h5 50. Nf5 Bf8 51. h4 gxh4 52. gxh4 Bh6+ 53. Kc3 Bf4 54. Kb3 Bd2 55. Bb5 Nf3 56. Be8+ Kf6 57. Bxh5 Nd4+ 58. Nxd4 cxd4 59. Bf3 Ke5 60. Kc4 Bh6 61. Kd3 Bg7 62. Bd1 Kf4 63. h5 Ke5 64. Bc2 Bh6 65. Kc4 Bf8 66. Kb5 Kd6 67. Kb6 Bh6 68. Kb7 Kd7 69. Bd3 Bf4 70. Bb5+ Kd6 71. Kc8 Bg5 72. Bd3 Kc6 73. Bc2 1/2-1/2

[Event "Pula op 24th"]
[Site "Pula"]
[Date "2010.06.26"]
[Round "9"]
[White "Sandhu, Mario"]
[Black "Elenius, Erik"]
[Result "1-0"]
[WhiteElo "2324"]
[BlackElo "2110"]
[PlyCount "63"]
[EventDate "2010.06.19"]
[EventType "swiss"]
[EventRounds "9"]
[EventCountry "CRO"]
[SourceTitle "CBM 137 Extra"]
[Source "ChessBase"]
[SourceDate "2010.09.01"]
[SourceVersion "1"]
[SourceVersionDate "2010.09.01"]
[SourceQuality "1"]

1. Nf3 c5 2. c4 Nf6 3. Nc3 g6 4. g3 Bg7 5. Bg2 0-0 6. 0-0 d6 7. d4 cxd4 8. Nxd4 a6 9. b3 Nfd7 10. Bb2 Ne5 11. Qd2 Nbc6 12. Nc2 Bf5 13. Ne3 Bc8 14. h3 f5 15. f4 Nf7 16. Rad1 Rb8 17. Kh2 Qa5 18. a3 Qd8 19. b4 e6 20. Na4 Bd7 21. Bxg7 Kxg7 22. c5 d5 23. Nb6 Ne7 24. Qb2+ Kh6 25. g4 g5 26. Nxd7 Qxd7 27. Qf6+ Ng6 28. gxf5 Qe7 29. Ng4+ Kh5 30. fxg6 Qxf6 31. Nxf6+ Kxg6 32. Nd7 1-0

[Event "AUT-chT2M 0910"]
[Site "Austria"]
[Date "2010.04.18"]
[Round "11.1"]
[White "Sandhu, Mario"]
[Black "Pilaj, Herwig"]
[Result "1/2-1/2"]
[WhiteElo "2316"]
[BlackElo "2363"]
[PlyCount "47"]
[EventDate "2009.10.10"]
[EventType "team-tourn"]
[EventRounds "11"]
[EventCountry "AUT"]
[SourceTitle "EXT 2011"]
[Source "ChessBase"]
[SourceDate "2010.11.26"]
[SourceVersion "1"]
[SourceVersionDate "2010.11.26"]
[SourceQuality "1"]
[WhiteTeam "Gleisdorf"]
[BlackTeam "Klagenfurt"]
[WhiteTeamCountry "AUT"]
[BlackTeamCountry "AUT"]

1. Nf3 Nf6 2. b3 g6 3. Bb2 Bg7 4. c4 0-0 5. g3 c6 6. Bg2 d5 7. 0-0 Bg4 8. d3 Bxf3 9. Bxf3 Nbd7 10. Nd2 e6 11. Qc2 Re8 12. Rac1 a5 13. a3 Qe7 14. Qb1 Rec8 15. Bg2 Ne8 16. Bxg7 Nxg7 17. Qb2 Qf6 18. Qxf6 Nxf6 19. d4 b5 20. c5 Nd7 21. Bh3 Nf6 22. Bg2 Nd7 23. Bh3 Nf6 24. Bg2 1/2-1/2

[Event "AUT-chT2M 0910"]
[Site "Austria"]
[Date "2010.04.16"]
[Round "9.4"]
[White "Sandhu, Mario"]
[Black "Ebner, Hubert"]
[Result "1/2-1/2"]
[WhiteElo "2316"]
[BlackElo "2194"]
[PlyCount "61"]
[EventDate "2009.10.10"]
[EventType "team-tourn"]
[EventRounds "11"]
[EventCountry "AUT"]
[SourceTitle "EXT 2011"]
[Source "ChessBase"]
[SourceDate "2010.11.26"]
[SourceVersion "1"]
[SourceVersionDate "2010.11.26"]
[SourceQuality "1"]
[WhiteTeam "Gleisdorf"]
[BlackTeam "Graz Austria"]
[WhiteTeamCountry "AUT"]
[BlackTeamCountry "AUT"]

1. e4 c5 2. Nf3 d6 3. d4 cxd4 4. Nxd4 Nf6 5. Nc3 g6 6. f3 Bg7 7. Be3 0-0 8. Qd2 Nc6 9. g4 Nxd4 10. Bxd4 Be6 11. h4 Qa5 12. h5 Rfc8 13. hxg6 hxg6 14. a3 Rab8 15. Bd3 a6 16. b4 Qc7 17. Nd5 Bxd5 18. exd5 b5 19. Rd1 Qb7 20. Be4 Rc4 21. Qh2 Rbc8 22. c3 Qc7 23. Rd3 Rxd4 24. cxd4 Qc1+ 25. Kf2 Rc2+ 26. Kg3 Nh5+ 27. Qxh5 gxh5 28. Rxc1 h4+ 29. Kxh4 Rxc1 30. Bf5 Rc4 31. Kg3 1/2-1/2

[Event "Pula op"]
[Site "Pula"]
[Date "2009.07.01"]
[Round "6"]
[White "Sandhu, Mario"]
[Black "Cvitan, Ognjen"]
[Result "0-1"]
[WhiteElo "2292"]
[BlackElo "2523"]
[PlyCount "86"]
[EventDate "2009.06.27"]
[EventType "swiss"]
[EventRounds "9"]
[EventCountry "CRO"]
[SourceTitle "CBM 131 Extra"]
[Source "ChessBase"]
[SourceDate "2009.09.03"]
[SourceVersion "2"]
[SourceVersionDate "2009.09.16"]
[SourceQuality "1"]

1. Nf3 Nf6 2. c4 g6 3. g3 Bg7 4. Bg2 d5 5. cxd5 Nxd5 6. Nc3 Nc6 7. 0-0 0-0 8. Nxd5 Qxd5 9. d3 a5 10. Ng5 Qb5 11. Ne4 a4 12. Nc3 Qa5 13. Bd2 a3 14. Nd5 axb2 15. Rb1 Qxa2 16. Nxc7 Be6 17. Nxe6 Qxe6 18. e3 Ra1 19. d4 Rxb1 20. Qxb1 Qb3 21. Be4 Nb4 22. Qd1 Qa3 23. Qe2 Na2 24. Qc4 e5 25. d5 b5 26. Qxb5 Nc3 27. Bxc3 Qxc3 28. Bb1 Qd2 29. Qd3 Qxd3 30. Bxd3 Rc8 31. g4 Bf8 32. Rb1 Rc3 33. Be4 Rc4 34. f3 Ba3 35. Kf2 Rc1 36. g5 Kf8 37. Ke2 Ke7 38. Kd2 Kd6 39. h4 Kc5 40. Ke2 Kd6 41. Kd2 Bb4+ 42. Ke2 Bc3 43. Kf2 Be1+ 0-1

[Event "AUT-chT 0708"]
[Site "Austria"]
[Date "2008.03.16"]
[Round "11.1"]
[White "Dizdar, Goran"]
[Black "Sandhu, Mario"]
[Result "1-0"]
[WhiteElo "2564"]
[BlackElo "2308"]
[PlyCount "55"]
[EventDate "2007.11.30"]
[EventType "team"]
[EventRounds "11"]
[EventCountry "AUT"]
[SourceTitle "EXT 2009"]
[Source "ChessBase"]
[SourceDate "2008.11.26"]
[SourceVersion "1"]
[SourceVersionDate "2008.11.26"]
[SourceQuality "1"]
[WhiteTeam "Absam"]
[BlackTeam "Gleisdorf"]
[WhiteTeamCountry "AUT"]
[BlackTeamCountry "AUT"]

1. d4 Nf6 2. Nf3 e6 3. e3 b6 4. c4 Bb7 5. Nc3 Bb4 6. Bd3 Ne4 7. 0-0 Bxc3 8. bxc3 Nxc3 9. Qc2 Bxf3 10. gxf3 Qg5+ 11. Kh1 Qh5 12. Rg1 Qxf3+ 13. Rg2 f5 14. Bb2 Ne4 15. Rf1 Rg8 16. Be2 Qh3 17. f3 Nf6 18. d5 Qh6 19. e4 f4 20. c5 c6 21. dxe6 dxe6 22. Rd1 b5 23. Rd6 Kf7 24. Rxe6 Kxe6 25. Qb3+ Nd5 26. exd5+ cxd5 27. Bxb5 Rd8 28. Rxg7 1-0

[Event "AUT-chT 0708"]
[Site "Austria"]
[Date "2008.03.14"]
[Round "9.3"]
[White "Antoniewski, Rafal"]
[Black "Sandhu, Mario"]
[Result "1/2-1/2"]
[WhiteElo "2510"]
[BlackElo "2308"]
[PlyCount "57"]
[EventDate "2007.11.30"]
[EventType "team"]
[EventRounds "11"]
[EventCountry "AUT"]
[SourceTitle "EXT 2009"]
[Source "ChessBase"]
[SourceDate "2008.11.26"]
[SourceVersion "1"]
[SourceVersionDate "2008.11.26"]
[SourceQuality "1"]
[WhiteTeam "Pamhagen"]
[BlackTeam "Gleisdorf"]
[WhiteTeamCountry "AUT"]
[BlackTeamCountry "AUT"]

1. e4 c6 2. c4 d5 3. exd5 cxd5 4. d4 Nf6 5. Nc3 Nc6 6. Bg5 Qa5 7. Qd2 Be6 8. Nge2 dxc4 9. Bxf6 exf6 10. Nf4 0-0-0 11. d5 Ne5 12. Be2 Bb4 13. 0-0 Bxc3 14. bxc3 Bxd5 15. Nxd5 Rxd5 16. Qe3 Qc5 17. Qf4 Rhd8 18. Rab1 Rd2 19. Bg4+ Kb8 20. Bf3 R2d7 21. g3 g5 22. Qxf6 Nxf3+ 23. Qxf3 Qd5 24. Qg4 h6 25. Rfe1 f5 26. Qh3 Rd6 27. Re7 b6 28. Rbe1 Qf3 29. R7e3 1/2-1/2

[Event "AUT-chT 0708"]
[Site "Austria"]
[Date "2008.01.13"]
[Round "7.3"]
[White "Nanu, Ciprian Costica"]
[Black "Sandhu, Mario"]
[Result "1-0"]
[WhiteElo "2527"]
[BlackElo "2308"]
[PlyCount "103"]
[EventDate "2007.11.30"]
[EventType "team"]
[EventRounds "11"]
[EventCountry "AUT"]
[SourceTitle "EXT 2009"]
[Source "ChessBase"]
[SourceDate "2008.11.26"]
[SourceVersion "1"]
[SourceVersionDate "2008.11.26"]
[SourceQuality "1"]
[WhiteTeam "Graz Styria"]
[BlackTeam "Gleisdorf"]
[WhiteTeamCountry "AUT"]
[BlackTeamCountry "AUT"]

1. Nf3 Nf6 2. d4 e6 3. e3 b6 4. Bd3 Bb7 5. 0-0 Be7 6. c4 0-0 7. Nc3 d5 8. b3 c5 9. cxd5 cxd4 10. Nxd4 Nxd5 11. Bb2 Nd7 12. Nxd5 Bxd5 13. Qh5 g6 14. Qe2 Bf6 15. Rac1 Nc5 16. Bc4 Bb7 17. b4 Ne4 18. f3 Nd6 19. Bb3 Nf5 20. Nxf5 gxf5 21. Rfd1 Qe7 22. Bxf6 Qxf6 23. Rc7 Rab8 24. Rdd7 Ba8 25. Qe1 a5 26. h3 Qg5 27. Kh2 axb4 28. Qg3 Qxg3+ 29. Kxg3 Rbe8 30. Kf4 Kg7 31. Rd6 Kf6 32. e4 fxe4 33. fxe4 Rd8 34. e5+ Kg6 35. Bc2+ Kg7 36. Rxe6 Bxg2 37. Rxb6 Bxh3 38. Rxb4 Be6 39. a4 Rc8 40. Rbb7 Rxc7 41. Rxc7 Rc8 42. Rxc8 Bxc8 43. Bf5 Ba6 44. a5 h6 45. Ke3 h5 46. Bd3 Bc8 47. a6 Bxa6 48. Bxa6 h4 49. Bf1 f6 50. e6 f5 51. Bh3 Kf6 52. Bxf5 1-0

[Event "AUT-chT 0708"]
[Site "Austria"]
[Date "2008.01.12"]
[Round "6.3"]
[White "Sandhu, Mario"]
[Black "Buhmann, Rainer"]
[Result "0-1"]
[WhiteElo "2308"]
[BlackElo "2570"]
[PlyCount "76"]
[EventDate "2007.11.30"]
[EventType "team"]
[EventRounds "11"]
[EventCountry "AUT"]
[SourceTitle "EXT 2009"]
[Source "ChessBase"]
[SourceDate "2008.11.26"]
[SourceVersion "1"]
[SourceVersionDate "2008.11.26"]
[SourceQuality "1"]
[WhiteTeam "Gleisdorf"]
[BlackTeam "Maria Saal"]
[WhiteTeamCountry "AUT"]
[BlackTeamCountry "AUT"]

1. e4 e6 2. d4 d5 3. Nd2 Nc6 4. Ngf3 Nf6 5. e5 Nd7 6. Nb3 f6 7. exf6 Qxf6 8. Bg5 Qf7 9. Bb5 Bd6 10. 0-0 0-0 11. Bh4 Nf6 12. Bg3 Ne4 13. Ne5 Nxe5 14. Bxe5 Bxe5 15. dxe5 b6 16. Bc6 Rb8 17. f3 Nc5 18. Nd4 Bd7 19. c3 Qe8 20. Bxd7 Qxd7 21. Qe2 Nb7 22. Qb5 Qxb5 23. Nxb5 c6 24. Nd4 Nd8 25. f4 Rb7 26. g4 c5 27. Ne2 Nc6 28. h4 h5 29. gxh5 Rbf7 30. Kg2 Kh7 31. Rae1 Rf5 32. Rg1 Rxh5 33. Kh3 Ne7 34. Ng3 Rh6 35. Ref1 Ng6 36. f5 Nxh4 37. Kg4 Nxf5 38. Nxf5 Rg6+ 0-1

[Event "AUT-chT 0708"]
[Site "Austria"]
[Date "2008.01.10"]
[Round "4.3"]
[White "Sandhu, Mario"]
[Black "Siebrecht, Sebastian"]
[Result "0-1"]
[WhiteElo "2308"]
[BlackElo "2487"]
[PlyCount "117"]
[EventDate "2007.11.30"]
[EventType "team"]
[EventRounds "11"]
[EventCountry "AUT"]
[SourceTitle "EXT 2009"]
[Source "ChessBase"]
[SourceDate "2008.11.26"]
[SourceVersion "1"]
[SourceVersionDate "2008.11.26"]
[SourceQuality "1"]
[WhiteTeam "Gleisdorf"]
[BlackTeam "Baden"]
[WhiteTeamCountry "AUT"]
[BlackTeamCountry "AUT"]

1. e4 c5 2. Nf3 e6 3. d4 cxd4 4. Nxd4 a6 5. c4 Nf6 6. Bd3 d6 7. Nc3 g6 8. 0-0 Bg7 9. Be3 0-0 10. Rc1 Nbd7 11. f3 Re8 12. Qd2 d5 13. cxd5 exd5 14. exd5 Nb6 15. Bg5 Nbxd5 16. Bc4 Qd6 17. Rfd1 Nxc3 18. Rxc3 Nd5 19. Rcc1 Nb6 20. Bb3 Be5 21. f4 Bg7 22. Nf3 Qxd2 23. Rxd2 Be6 24. Bxe6 Rxe6 25. Rc7 Rb8 26. b3 Bf8 27. f5 Rd6 28. fxg6 hxg6 29. Rdc2 Nd5 30. Rc8 Rxc8 31. Rxc8 Kg7 32. Kf2 b5 33. Bc1 Be7 34. g4 Nb4 35. Bb2+ Bf6 36. Ba3 Nd3+ 37. Ke3 b4 38. Bc1 Bc3 39. Bd2 Bxd2+ 40. Nxd2 Ne5 41. g5 Rd3+ 42. Ke2 Rh3 43. Ne4 Ng4 44. Nd6 Rxh2+ 45. Kf3 f5 46. gxf6+ Nxf6 47. Rc7+ Kg8 48. Rc8+ Kg7 49. Rc7+ Kh8 50. Rb7 a5 51. Kf4 Rg2 52. Nf7+ Kg7 53. Ng5+ Kh6 54. Nf7+ Kh5 55. Rb5+ Kh4 56. Rxa5 Rf2+ 57. Ke3 Ng4+ 58. Ke4 Rxf7 59. Kd4 0-1

[Event "Seefeld op 18th"]
[Site "Seefeld"]
[Date "2007.09.03"]
[Round "3"]
[White "Stoer, Andreas"]
[Black "Sandhu, Mario"]
[Result "1/2-1/2"]
[WhiteElo "2171"]
[BlackElo "2338"]
[PlyCount "119"]
[EventDate "2007.09.01"]
[EventType "swiss"]
[EventRounds "9"]
[EventCountry "AUT"]
[SourceTitle "EXT 2009"]
[Source "ChessBase"]
[SourceDate "2008.11.26"]
[SourceVersion "1"]
[SourceVersionDate "2008.11.26"]
[SourceQuality "1"]

1. c4 Nf6 2. Nf3 b6 3. g3 c5 4. Bg2 Bb7 5. 0-0 g6 6. Nc3 Bg7 7. d4 cxd4 8. Qxd4 0-0 9. Qh4 d6 10. Bg5 Nbd7 11. Rac1 Rc8 12. Rfd1 Re8 13. Bf1 Nc5 14. Bh3 Rb8 15. Nd4 Nfe4 16. Nxe4 Nxe4 17. Be3 Bf6 18. Qh6 a6 19. f3 Nc5 20. Bg5 e5 21. Bxf6 Qxf6 22. Nf5 Rbd8 23. b4 Na4 24. e4 Bc8 25. Kg2 Bxf5 26. Bxf5 Qe7 27. Bg4 a5 28. a3 axb4 29. axb4 Rf8 30. h4 f5 31. Bh3 Rf6 32. exf5 e4 33. Re1 exf3+ 34. Kf2 Qf7 35. Qe3 d5 36. Qb3 b5 37. cxd5 gxf5 38. Kxf3 Nb6 39. Rcd1 Nc4 40. Bf1 Nd6 41. Re6 Qg7 42. Kg2 Rc8 43. Qb2 Ne4 44. Rd3 Rxe6 45. Qxg7+ Kxg7 46. dxe6 Rc2+ 47. Kg1 Kf6 48. Re3 Kxe6 49. g4 Ke5 50. gxf5 Kf4 51. Re1 Rb2 52. Bd3 Nd2 53. Re2 Nf3+ 54. Kf2 Rxe2+ 55. Bxe2 Nxh4 56. f6 Ng6 57. Bxb5 Ne5 58. Be8 Ng4+ 59. Ke2 Nxf6 60. Bc6 1/2-1/2

[Event "AUT-chT2M 0607"]
[Site "Austria"]
[Date "2006.11.26"]
[Round "4.3"]
[White "Bukal, Vladimir Sr"]
[Black "Sandhu, Mario"]
[Result "1/2-1/2"]
[WhiteElo "2414"]
[BlackElo "2288"]
[PlyCount "80"]
[EventDate "2006.10.28"]
[EventType "team-tourn"]
[EventRounds "11"]
[EventCountry "AUT"]
[SourceTitle "EXT 2007"]
[Source "ChessBase"]
[SourceDate "2006.11.23"]
[SourceVersion "1"]
[SourceVersionDate "2006.11.23"]
[SourceQuality "1"]
[WhiteTeam "Trofaiach Niklasdorf"]
[BlackTeam "Gleisdorf"]
[WhiteTeamCountry "AUT"]
[BlackTeamCountry "AUT"]

1. c4 Nf6 2. Nc3 c5 3. g3 g6 4. Bg2 Bg7 5. e3 0-0 6. Nge2 Nc6 7. d4 cxd4 8. exd4 d6 9. h3 Bf5 10. g4 Bd7 11. d5 Ne5 12. b3 b5 13. cxb5 Qa5 14. 0-0 Bxb5 15. Nxb5 Qxb5 16. Be3 Rfc8 17. Nd4 Qa6 18. a4 Rc3 19. Rc1 Rxc1 20. Qxc1 Rc8 21. Qd2 Qb7 22. f4 Ned7 23. Nc6 Nc5 24. Bxc5 dxc5 25. Qe3 Bf8 26. Qxc5 Qxb3 27. Nxe7+ Bxe7 28. Qxc8+ Kg7 29. Qc6 Qe3+ 30. Kh2 Qd4 31. Qc7 Qb4 32. g5 Nh5 33. Rc1 Bc5 34. d6 Bxd6 35. Qc8 Bf8 36. Qd8 Qa3 37. Qa5 Qg3+ 38. Kg1 Nxf4 39. Qd8 Kg8 40. Qb8 Kg7 1/2-1/2